Statistics for All Monarchs of Wessex (519-927)

Click here to take the quiz!

General Stats

  • This quiz has been taken 237 times
  • The average score is 4 of 27

Answer Stats

ReignMonarch% Correct
871-899Alfred the Great
93%
865-871Æthelred
56%
924-927Æthelstan
47%
839-855Æthelwulf
23%
899-924Edward the Elder
22%
519-534Cerdic
19%
860-865Æthelberht
13%
855-860Æthelbald
12%
534-560Cynric
11%
802-839Ecgberht
11%
688-726Ine
9%
685-688Cædwalla
7%
645-648Penda
7%
560-592Ceawlin
6%
592-597Ceol
6%
597-611Ceolwulf
6%
611-642Cynegils
6%
672-674Seaxburh
6%
674-676Æscwine
5%
726-740Æthelheard
5%
786-802Beorhtric
5%
642-645Cenwalh
5%
648-672 (restored)Cenwalh
5%
676-686Centwine
4%
740-756Cuthred
4%
757-786Cynewulf
4%
756-757Sigeberht
3%

Score Distribution

Percentile by Number Answered

Percent of People with Each Score

Your Score History

You have not taken this quiz